| 000 | 01615nam a2200337 a 4500 | ||
|---|---|---|---|
| 001 | 000015320 | ||
| 003 | DO-SdBNP | ||
| 005 | 20251209085620.0 | ||
| 008 | 100205s2004 dr a 000 0 spa d | ||
| 020 | _a9993477532 | ||
| 040 |
_aDO-SdBNP _bspa _cBNPHU |
||
| 082 |
_a320.97293 _bA445d |
||
| 100 | 1 |
_aAlmánzar, Micaya _933572 |
|
| 245 | 1 | 0 |
_aDossier 97 : _bdos investigaciones / _cMicaya Almánzar. |
| 260 |
_aSanto Domingo : _bUASD, _c2004. |
||
| 300 |
_a72 p. : _bil., retrs. ; _c21 cm. |
||
| 490 | 1 |
_aPublicaciones de la Universidad Autónoma de Santo Domingo _v1161 |
|
| 490 | 1 |
_aFilosofía y sociedad _v12 |
|
| 504 | _aIncluye referencias bibliograficas y notas al pie de las páginas. | ||
| 505 | 0 |
_aPreámbulo -- _tLa crisis diplomática: la embajada japonesa en el Perú -- _tLa comunicación telefónica y la gobernabilidad -- _gAnexo. |
|
| 590 | _aInventariado, 2019/MFF | ||
| 650 | 0 |
_aTelecomunicaciones _xAspectos económicos _zRepública Dominicana _9550 |
|
| 650 | 4 |
_aGobernabilidad _zRepública Dominicana _934644 |
|
| 651 | 4 |
_aPerú _xRelaciones exteriores _zJapón _vEnsayos, conferencias, etc. _934645 |
|
| 651 | 4 |
_aJapón _xRelaciones exteriores _zPerú _vEnsayos, conferencias, etc. _934646 |
|
| 651 | 4 |
_aRepública Dominicana _xPolítica y gobierno _vEnsayos, conferencias, etc. _9205 |
|
| 710 | 1 |
_aUniversidad Autónoma de Santo Domingo _bEscuela de Filosofía _bInstituto de Investigaciones Filosóficas _972951 |
|
| 830 | 0 |
_aPublicaciones de la Universidad Autónoma de Santo Domingo _v1161 _pFilosofía y sociedad _n12 _934648 |
|
| 910 | _aValidado. Control de calidad EMS | ||
| 942 |
_2ddc _cLBS1 |
||
| 999 |
_c14886 _d14886 |
||